• 首页
  • 本馆介绍
  • 公告通知
  • 最新文献
  • 馆藏检索
  • 电子资源
  • 读者导购
  • 参考咨询
  • 我的图书馆
  • 登录
  • 详细信息显示
  • 放入我的书架
  • 预约/预借图书
  • 作者相关作品
  • 分类相关作品
  • 丛书相关作品
  • 出版社相关作品

书目信息

  • 表格格式
  • 工作单格式
  • 卡片格式
题名:
有话别瞒着
    
 
作者: 张绍臣 著
分册:  
出版信息:    2004
页数: 175页
开本: 20cm
丛书名:
单 册:
中图分类: I207.6 , I266.1
科图分类:
主题词: 散文--中国 , 散文--作品综合集--中国
电子资源:
ISBN:
000 00512nam0 2200193 450
001 0732949916
005 20071006082501.93
100    @a20070930d2004 km y0chiy0120 ea
101 0  @achi
200 1  @a有话别瞒着@Ayou hua bie man zhe@f张绍臣著@Fzhang shao chen zhu
210    @d2004
215    @a175页@d20cm
606 0  @a散文@x中国
606 0  @a散文@x作品综合集@x中国
690    @aI207.6@v3
690    @aI266.1@v4
701  0 @a张绍臣@Azhang shao chen@4著
801  0 @aCN@bPFT@c20071006
905    @a10447@dI266.1@e1331
    
    有话别瞒着/张绍臣著.-2004
    175页;20cm
    
    
    ISBN :
    
●
相关链接 在E读中查询图书 在五车中查询图书 在当当中查询图书 在豆瓣中查询图书


正题名:有话别瞒着     索取号:I266.1/1331         预约/预借

序号 登录号 条形码 馆藏地/架位号 状态 备注
1 626215   206262159   密集书库/ [索取号:I266.1/1331] 在馆    
唐山师范学院图书馆 欢迎您!
大连网信软件有限公司© 版权所有